Les textes français

Αποθηκεύτηκε σε:
Λεπτομέρειες βιβλιογραφικής εγγραφής
Κύριος συγγραφέας: Chevalier, J.R
Μορφή: Βιβλίο
Γλώσσα:Undetermined
Έκδοση: París, Francia Hachette 1950
Θέματα:
Ετικέτες: Προσθήκη ετικέτας
Δεν υπάρχουν, Καταχωρήστε ετικέτα πρώτοι!

MARC

LEADER 00000nam a2200000Ia 4500
008 170316s9999 xx 000 0 und d
040 |a cru BVZT 
090 |a C-840 Ch-2t 
100 |a Chevalier, J.R. 
245 |a Les textes français 
260 |a París, Francia 
260 |b Hachette 
260 |c 1950 
300 |a 264 páginas 
650 |a LITERATURA FRANCESA 
650 |a CRÍTICA 
999 |c 12964  |d 12964 
942 |c 15 D  |h C-840 Ch-2t  |2 z